LEADER 05297oam 2200637 c 450 001 9910973463303321 005 20260302090207.0 010 $a9783838273389 010 $a3838273389 024 3 $a9783838273389 035 $a(CKB)4100000009183684 035 $a(MiAaPQ)EBC5964028 035 $a(PPN)253200687 035 $a(Perlego)1110623 035 $a(ibidem)9783838273389 035 $a(EXLCZ)994100000009183684 100 $a20260302d2019 uy 0 101 0 $aeng 135 $aurcnu|||||||| 181 $ctxt$2rdacontent 182 $cc$2rdamedia 183 $acr$2rdacarrier 200 10$aMigration as a (Geo-)Political Challenge in the Post-Soviet Space $eBorder Regimes, Policy Choices, Visa Agendas /$fOlga R. Gulina, Andreas Umland, Nils Mui?nieks 205 $a1st ed. 210 $aHannover$cibidem$d2019 215 $a1 online resource (146 pages) 225 0 $aSoviet and Post-Soviet Politics and Society$v212 327 $aIntro -- Table of Contents -- Abbreviations -- Foreword -- Introduction -- Chapter 1: Legal Framework of Migration Management in Post-Soviet States -- Regulation of Migration in the 1990s -- Regulation of Migration in the 2000s -- Regulation of Migration 2010-2018 -- Chapter 2: Migration Management as a Geopolitical Tool in the Post-Soviet Space -- Russia and Georgia: Neither Friends nor Enemies -- Russia and Ukraine: Between Confrontation and Cooperation -- Russia and Belarus: The Union State divided by Straight Lines -- Chapter 3: Migration as a Geopolitical Challenge for Russia -- Migration as a Demographic Challenge -- Political Challenge of Migration in Russia -- Migration as a Social Challenge -- Chapter 4: Migration as a Geopolitical Challenge for Ukraine -- Going to the West -- Going to Russia -- Chapter 5: Ukrainian Nationals Searching for Shelter and Asylum in Russia, Belarus and within Ukraine -- The Statistical Overview -- Work Patent (Labor License) -- Refugee Status -- Temporary Asylum -- Situation in Belarus -- Situation in Ukraine -- Legal Misinterpretation in Russia and Ukraine -- The Potential Impact of the Conflict on Migration in other post-Soviet countries -- Re-drawing the Migration Landscape -- Chapter 6: Migrants from the FSU-Countries in the European Union: Safe Countries of Origin? -- Countries of the Former Soviet Union as the SCOs -- Humanitarian Migrants from Georgia, Ukraine and Russia in the EU Member States -- Ukraine - Europe's Forgotten Refugees? -- Russians Seeking Asylum in the EU -- EU Visa Liberalization policy in Moldova, Georgia and Ukraine -- Where is this "Europe Without Visas and Borders?" -- Melting the Frozen Conflicts -- Chapter 7: Post-Soviet Migration, Diaspora and Beyond -- Understanding Diaspora Issues -- Institutionalization of Diaspora Politics. 327 $aMigration and Repatriation in Russia, Kyrgyzstan and Kazakhstan -- The Russian Case -- Kazakhstan and Kyrgyzstan Repatriation Programs -- Chapter 8: Conclusion -- Annexes. 330 $aOver the last three decades, migration management in the newly independent states which emerged from the ruins of the USSR in 1991 has become a tool for staking out zones of influence, a winning slogan for election campaigns, and a handle on the domestic population. Such an instrumentalization of migration is widespread in all post-Soviet republics. (Geo-)political games around migration issues are also a mechanism of foreign influence and a method of destabilization across the former USSR as well as an apology for slowing down reforms and even for transforming their character or vector. The ruling elites of the newly independent states exploit, with different degrees of intensity and success, institutions and rules of migration laws, including the granting of citizenship, asylum, temporary and permanent residence authorization, etc., in order to advance certain foreign and domestic policies. The directions of various post-Soviet nations? migration policies?be they pro-European, pro-Asian, or pro-Russian?are informed less by a pursuit of cultural, historical, or economic advantages for the respective countries and their populations than by the dynamics of geopolitical rivalry and often by the principle ?either an ally or a rival; there is no middle ground.? This fascinating volume explains why shifts in migration management in the post-Soviet countries are both causes for and consequences of political changes that influence foreign and domestic policy making. 410 0$aSoviet and post-Soviet politics and society ;$v212. 606 $aMigration 606 $aPost-Soviet 606 $apolitics 606 $aPolitik 606 $aSowjetunion 606 $aOsteuropa 606 $aRussland 615 4$aMigration 615 4$aPost-Soviet 615 4$apolitics 615 4$aPolitik 615 4$aSowjetunion 615 4$aOsteuropa 615 4$aRussland 676 $a304.80947 700 $aGulina$b Olga R$cDr.$4aut$01723598 702 $aUmland$b Andreas$4edt 702 $aMui?nieks$b Nils$4aui 801 0$bMiAaPQ 801 1$bMiAaPQ 801 2$bMiAaPQ 906 $aBOOK 912 $a9910973463303321 996 $aMigration as a (geo-)political challenge in the post-Soviet space$94124989 997 $aUNINA LEADER 03613nam 22005533u 450 001 9910971244703321 005 20240401155732.0 010 $a979-88-8182-675-8 024 7 $a10.5040/9798881826758 035 $a(CKB)2670000000517799 035 $a(EBL)1354795 035 $a(SSID)ssj0001549129 035 $a(PQKBManifestationID)16158018 035 $a(PQKBTitleCode)TC0001549129 035 $a(PQKBWorkID)14806077 035 $a(PQKB)10479211 035 $a(MiAaPQ)EBC1354795 035 $a(OCoLC)1528562801 035 $a(UkLoBP)BP9798881826758BC 035 $a(EXLCZ)992670000000517799 100 $a20131223d2001|||| u|| | 101 0 $aeng 135 $aur|n|---||||| 181 $ctxt 182 $cc 183 $acr 200 10$aSlavery & the Law 205 $a1st ed. 210 1$aLanham, MD :$cRowman & Littlefield Publishers,$d1998. 210 2$aNew York :$cBloomsbury Publishing (US),$d2025. 215 $a1 online resource (477 p.) 300 $aDescription based upon print version of record. 311 08$a0-945612-36-2 327 $aTitle page; Copyright page; Dedication Page; CONTENTS; Acknowledgments; Introduction The Centrality of Slavery in American Legal Development Paul Finkelman; Part I Theories of Democracy and the Law of Slavery; 1 Learning the Three ""I''s of America's Slave Heritage Derrick Bell; 2 Ideology and Imagery in the Law of SlaveryWilliam W Fisher III; Part II Constitutional Law and Slavery; 3 Slavery in the Canon of Constitutional LawSanford Levinson; 4 Chief Justice Hornblower of New Jersey andthe Fugitive Slave Law of 1793 Paul Finkelman 327 $a5 A Federal Assault: African-Americans and the Impactof the Fugitive Slave Law of 1850 James Oliver Horton and Lois E. Horton6 The Crisis Over The Impending Crisis:Free Speech,Slavery, and the Fourteenth AmendmentMichael Kent Curtis; Part III Criminal and Civil Law of Slavery; 7 Slaves and the Rules of Evidence in Criminal Trials Thomas D. Morris; 8 ""Details are of a Most Revolting Character"": Cruelty to Slaves as Seen in Appeals to the Supreme Court of Louisiana Judith Kelleher Schafer; The Unreported Case of Humphreysv. Utz 327 $a9 Pandora's Box: Slave Character on Trial inthe Antebellum Deep South Ariela Gross10 Slave Auctions on the Courthouse Steps: 329Court Sales of Slaves in Antebellum South Carolina Thomas D. Russell; Part IV Comparative Law and Slavery; 11 Seventeenth-CenturyJurists, Roman Law, and Slavery Alan Watson; 12 The British Constitution and the Creation of American SlaveryJonathan A. Bush; 13 Thinking Property at Rome Alan Watson; 14 Thinking Property at Memphis: An Application of Watson Jacob I. Corre; Notes on Contributors; Index 330 $aIn this book, prominent historians of slavery and legal scholars analyze the intricate relationship between slavery, race, and the law from the earliest Black Codes in colonial America to the passage of the Fugitive Slave Law and the Dred Scott decision prior to the Civil War. Slavery & the Law's wide-ranging essays focus on comparative slave law, auctioneering practices, rules of evidence, and property rights, as well as issues of criminality, punishment, and constitutional law. 606 $aSlavery$xHistory$zUnited States$vLaw and legislation 606 $aHistory of the Americas$2bicssc 615 0$aSlavery$xHistory 615 7$aHistory of the Americas 676 $a342.73/087 676 $a347.30287 801 0$bUkLoBP 801 1$bUkLoBP 906 $aBOOK 912 $a9910971244703321 996 $aSlavery & the law$91098415 997 $aUNINA